Administración de recursos humanos (Registro nro. 146)

Detalles MARC
000 -LEADER
fixed length control field 01515 a2200241 4500
001 - CONTROL NUMBER
control field 231
005 - DATE AND TIME OF LATEST TRANSACTION
control field 20260407155415.0
008 - FIXED-LENGTH DATA ELEMENTS--GENERAL INFORMATION
fixed length control field 260407a2008 arg spa d
003 - CONTROL NUMBER IDENTIFIER
control field AR-UNSa-BCEJYS
040 ## - CATALOGING SOURCE
Original cataloging agency AR-UNSa-BCEJYS
Language of cataloging spa
Transcribing agency AR-UNSa-BCEJYS
080 ## - UNIVERSAL DECIMAL CLASSIFICATION NUMBER
Universal Decimal Classification number 658.3
Common auxiliary subdivision Personal. Relaciones humanas en la empresa (Recursos Humanos)
020 ## - INTERNATIONAL STANDARD BOOK NUMBER
International Standard Book Number 978-970-686-712-4
041 ## - LANGUAGE CODE
Language code of text/sound track or separate title spa
100 1# - MAIN ENTRY--PERSONAL NAME
Personal name Bohlander, George W.
245 10 - TITLE STATEMENT
Title Administración de recursos humanos
250 ## - EDITION STATEMENT
Edition statement 14a. ed
264 #1 - PRODUCTION, PUBLICATION, DISTRIBUTION, MANUFACTURE, AND COPYRIGHT NOTICE
Place of production, publication, distribution, manufacture México :
Name of producer, publisher, distributor, manufacturer Cengage Learning Editores
Date of production, publication, distribution, manufacture, or copyright notice 2008
300 ## - PHYSICAL DESCRIPTION
Extent xxx, 784 p.
Dimensions 26 cm
505 ## - FORMATTED CONTENTS NOTE
Formatted contents note 1. El reto de la administración de recursos humanos - 2. Estrategia y planeación de recursos humanos - 3. Igualdad de oportunidades en el empleo y administración de recursos humanos - 4. Análisis de puestos, participación de los empleados y horarios de trabajo flexibles - 5. Ampliación de la reserva de talento:reclutamiento y carrera profesional - 6. Selección de empleados - 7.Capacitación y desarrollo - 8. Evaluación y mejoramiento del desempeño - 9. Administración dela compensación - 10. Pago por desempeño.Recompenzas para incentivar - 11. Prestaciones para los empleados - 12. Salud y seguridad - 13. Derechos de los empleados y disciplina - 14. La dinámica de las relaciones laborales - 15. Administración de recursos humanos internacional - 16. Desarrollo de sistemas de trabajo de alto desempeño
590 ## - LOCAL NOTE (RLIN)
Local note niveau_biblio:m niveau_hierar:0
700 1# - ADDED ENTRY--PERSONAL NAME
Personal name Snell, Scott A.
942 ## - ADDED ENTRY ELEMENTS (KOHA)
Koha item type
Existencias
Withdrawn status Lost status Damaged status Not for loan Home library Current library Shelving location Date acquired Total checkouts Full call number Barcode Date last seen Price effective from Koha item type
        Biblioteca Prof. Eusebio Cleto del Rey Biblioteca Prof. Eusebio Cleto del Rey   07/04/2026   658.3 B676 L117569 07/04/2026 07/04/2026 Libro
        Biblioteca Prof. Eusebio Cleto del Rey Biblioteca Prof. Eusebio Cleto del Rey   07/04/2026   658.3 B676 L117570 07/04/2026 07/04/2026 Libro
        Biblioteca Prof. Eusebio Cleto del Rey Biblioteca Prof. Eusebio Cleto del Rey   07/04/2026   658.3 B676 L118788 07/04/2026 07/04/2026 Libro
        Biblioteca Prof. Eusebio Cleto del Rey Biblioteca Prof. Eusebio Cleto del Rey   07/04/2026   658.3 B676 L118787 07/04/2026 07/04/2026 Libro
        Biblioteca Prof. Eusebio Cleto del Rey Biblioteca Prof. Eusebio Cleto del Rey   07/04/2026   658.3 B676 L118786 07/04/2026 07/04/2026 Libro
        Biblioteca Prof. Eusebio Cleto del Rey Biblioteca Prof. Eusebio Cleto del Rey   07/04/2026   658.3 B676 L118790 07/04/2026 07/04/2026 Libro
        Biblioteca Prof. Eusebio Cleto del Rey Biblioteca Prof. Eusebio Cleto del Rey   07/04/2026   658.3 B676 L118789 07/04/2026 07/04/2026 Libro